[Event "Niedersachsen-ch op B"]
[Site "Verden"]
[Date "2018.01.04"]
[Round "2"]
[White "Sturm, Hubert"]
[Black "Rickling, Renee"]
[Result "1/2-1/2"]
[WhiteElo "1739"]
[BlackElo "1599"]
[PlyCount "41"]
[EventDate "2018.01.04"]
[EventType "swiss"]
[EventRounds "7"]
[EventCountry "GER"]
[SourceTitle "EXT 2022"]
[Source "ChessBase"]
[SourceDate "2021.10.06"]
[SourceVersion "1"]
[SourceVersionDate "2021.10.06"]
[SourceQuality "1"]

1. Nf3 Nf6 2. c4 e6 3. Nc3 d5 4. cxd5 exd5 5. d4 c6 6. e3 Bd6 7. Bd3 Bg4 8. h3 Bh5 9. a3 a5 10. 0-0 0-0 11. e4 dxe4 12. Nxe4 Be7 13. g4 Bg6 14. Nxf6+ Bxf6 15. Bxg6 hxg6 16. Be3 Qd5 17. Rc1 Nd7 18. Kg2 Be7 19. Qd2 Nf6 20. Qc2 Bd6 21. Qc4 1/2-1/2

[Event "Niedersachsen-ch op-B"]
[Site "Verden"]
[Date "2014.01.02"]
[Round "1"]
[White "Brunner, Sophia"]
[Black "Rickling, Renee"]
[Result "0-1"]
[WhiteElo "1354"]
[BlackElo "1757"]
[PlyCount "44"]
[EventDate "2014.01.02"]
[EventType "swiss"]
[EventRounds "7"]
[EventCountry "GER"]
[SourceTitle "EXT 2016"]
[Source "ChessBase"]
[SourceDate "2015.10.08"]
[SourceVersion "1"]
[SourceVersionDate "2015.10.08"]
[SourceQuality "1"]

1. d4 d5 2. c4 e6 3. Nc3 Nf6 4. Nf3 Nbd7 5. Bg5 Be7 6. e3 0-0 7. Rc1 c6 8. Be2 Qa5 9. 0-0 dxc4 10. Bxc4 Bb4 11. a3 Bxc3 12. Rxc3 Ne4 13. Rc2 Nxg5 14. Nxg5 Qxg5 15. Qd3 Nf6 16. Rfc1 e5 17. Qe2 exd4 18. exd4 Bf5 19. Rd2 Rae8 20. Qd1 Re7 21. Bd3 Bxd3 22. Rxd3 Rfe8 0-1

[Event "GER-chT U20"]
[Site "Arendsee"]
[Date "2008.12.29"]
[Round "6.6"]
[White "Rickmann, David"]
[Black "Rickling, Renee"]
[Result "0-1"]
[WhiteElo "1639"]
[BlackElo "1700"]
[PlyCount "96"]
[EventDate "2008.12.27"]
[EventType "team-swiss"]
[EventRounds "7"]
[EventCountry "GER"]
[SourceTitle "CBM 128 Extra"]
[Source "ChessBase"]
[SourceDate "2009.03.05"]
[SourceVersion "2"]
[SourceVersionDate "2009.03.25"]
[SourceQuality "1"]
[WhiteTeam "Magdeburg Aufbau Elbe"]
[BlackTeam "Nordhorn Blanke"]
[WhiteTeamCountry "GER"]
[BlackTeamCountry "GER"]

1. e4 d5 2. exd5 Qxd5 3. Nc3 Qa5 4. Bc4 Bf5 5. d4 c6 6. Nge2 Nf6 7. 0-0 e6 8. Bd2 Qc7 9. Ng3 Bg6 10. f4 Bd6 11. Be1 0-0 12. Qd2 Nbd7 13. Kh1 Nb6 14. Bb3 Nbd5 15. Nce2 Ne4 16. Nxe4 Bxe4 17. c4 Bb4 18. Nc3 Nxc3 19. bxc3 Be7 20. Bg3 Qa5 21. Rae1 Bf5 22. Re5 Qd8 23. Rfe1 Bf6 24. R5e2 Qa5 25. h3 Rfd8 26. Bf2 Rac8 27. g4 Bg6 28. Qe3 c5 29. f5 cxd4 30. cxd4 Bxd4 31. Qxd4 Rxd4 32. Bxd4 Bxf5 33. gxf5 Qxf5 34. Re3 Rd8 35. Bxa7 Qa5 36. Bb8 Rxb8 37. Re5 Qc3 38. R1e3 Qc1+ 39. Re1 Qh6 40. R5e3 Rd8 41. R1e2 Qf4 42. Kg2 Qg5+ 43. Rg3 Qc1 44. Rge3 Rd2 45. Kg3 Qg1+ 46. Kh4 Rxe2 47. Rxe2 g5+ 48. Kh5 Qg3 0-1

[Event "GER-chT U20"]
[Site "Arendsee"]
[Date "2008.12.27"]
[Round "1.6"]
[White "Zeldin, Leonid"]
[Black "Rickling, Renee"]
[Result "1-0"]
[WhiteElo "2073"]
[BlackElo "1700"]
[PlyCount "53"]
[EventDate "2008.12.27"]
[EventType "team-swiss"]
[EventRounds "7"]
[EventCountry "GER"]
[SourceTitle "CBM 128 Extra"]
[Source "ChessBase"]
[SourceDate "2009.03.05"]
[SourceVersion "2"]
[SourceVersionDate "2009.03.25"]
[SourceQuality "1"]
[WhiteTeam "Bochum"]
[BlackTeam "Nordhorn Blanke"]
[WhiteTeamCountry "GER"]
[BlackTeamCountry "GER"]

1. e4 d5 2. exd5 Qxd5 3. Nc3 Qa5 4. d4 c6 5. Bc4 Bf5 6. Nge2 Nf6 7. Ng3 Bg6 8. Qe2 Nbd7 9. Bd2 Qc7 10. f4 Nb6 11. f5 Nxc4 12. Qxc4 Bh5 13. 0-0 Bg4 14. Bf4 Qa5 15. b4 Qb6 16. h3 Bh5 17. Be5 g6 18. Bxf6 exf6 19. Rfe1+ Be7 20. Nxh5 gxh5 21. b5 Rd8 22. Re4 Rg8 23. Rae1 Rd7 24. bxc6 bxc6 25. Na4 Qc7 26. Nc5 h4 27. Qe2 1-0

[Event "Niedersachsen-ch"]
[Site "Verden"]
[Date "2008.01.06"]
[Round "7"]
[White "Langenfeld, Stefan"]
[Black "Rickling, Renee"]
[Result "1/2-1/2"]
[WhiteElo "2022"]
[BlackElo "1671"]
[PlyCount "88"]
[EventDate "2008.01.03"]
[EventType "swiss"]
[EventRounds "7"]
[EventCountry "GER"]
[SourceTitle "EXT 2010"]
[Source "ChessBase"]
[SourceDate "2010.11.25"]
[SourceVersion "1"]
[SourceVersionDate "2010.11.25"]
[SourceQuality "1"]

1. e4 d5 2. exd5 Qxd5 3. Nc3 Qa5 4. d4 c6 5. Nf3 Nf6 6. Bd3 Bg4 7. h3 Bh5 8. Bd2 Bxf3 9. Qxf3 Qb6 10. 0-0-0 Qxd4 11. Rhe1 Nbd7 12. Be3 Qb4 13. Bf5 e6 14. Rd4 Qa5 15. Bd2 0-0-0 16. Bd3 Ne5 17. Rxd8+ Kxd8 18. Qe2 Nxd3+ 19. Qxd3+ Nd5 20. Kb1 Kc8 21. Re5 Bb4 22. Nxd5 cxd5 23. Bxb4 Qxb4 24. a3 Qc5 25. c4 Qxc4 26. Qxc4+ dxc4 27. Rc5+ Kd7 28. Rxc4 Rc8 29. Ra4 a6 30. Rb4 Rc7 31. g4 Ke7 32. f4 b5 33. b3 Rc5 34. a4 a5 35. Re4 b4 36. h4 f6 37. g5 fxg5 38. fxg5 h6 39. gxh6 gxh6 40. Rg4 Kf6 41. Rg8 Ke7 42. Rg6 h5 43. Rg7+ Kd6 44. Rh7 Kc6 1/2-1/2

[Event "Niedersachsen-ch"]
[Site "Verden"]
[Date "2008.01.05"]
[Round "5"]
[White "Oehne, Timo"]
[Black "Rickling, Renee"]
[Result "0-1"]
[WhiteElo "877"]
[BlackElo "1671"]
[PlyCount "118"]
[EventDate "2008.01.03"]
[EventType "swiss"]
[EventRounds "7"]
[EventCountry "GER"]
[SourceTitle "EXT 2010"]
[Source "ChessBase"]
[SourceDate "2010.11.25"]
[SourceVersion "1"]
[SourceVersionDate "2010.11.25"]
[SourceQuality "1"]

1. e4 d5 2. exd5 Qxd5 3. Nc3 Qa5 4. Nf3 Nf6 5. d3 c6 6. Bd2 Qc7 7. g3 Bf5 8. Bg2 e6 9. Bf4 Qb6 10. Rb1 Nbd7 11. 0-0 Be7 12. Ne5 0-0 13. Re1 Nxe5 14. Bxe5 Ng4 15. Qf3 Bc5 16. Nd1 Qa5 17. Rf1 Nxe5 18. Qf4 Nxd3 19. cxd3 Bxd3 20. Nc3 Bxb1 21. b4 Qxb4 22. Qxb4 Bxb4 23. Nxb1 Rfd8 24. Rc1 Rd4 25. Nc3 Bxc3 26. Rxc3 Rd1+ 27. Bf1 Rad8 28. Rb3 b6 29. Ra3 R8d7 30. Kg2 Rb1 31. Be2 a5 32. Ba6 Kf8 33. Kf3 Ke7 34. Ke4 Rd2 35. Rc3 Rxa2 36. Rxc6 Rxf2 37. Rc7+ Kf6 38. h4 Rb3 39. g4 h6 40. Bc4 Rb4 41. Ke3 Rc2 42. Kd3 Rbxc4 43. Rxc4 Rxc4 44. Kxc4 a4 45. Kb4 b5 46. Ka3 e5 47. g5+ hxg5 48. hxg5+ Kxg5 49. Kb4 e4 50. Kxb5 a3 51. Kc4 a2 52. Kd4 a1Q+ 53. Kxe4 Qa4+ 54. Kd3 Qb4 55. Ke3 Kf5 56. Kd3 Kf4 57. Kc2 Ke3 58. Kc1 Kd3 59. Kd1 Qb1# 0-1

[Event "GER-chT North U16"]
[Site "Syke"]
[Date "2004.09.18"]
[Round "5.4"]
[White "Boeland, Arne"]
[Black "Rickling, Renee"]
[Result "0-1"]
[WhiteElo "1276"]
[BlackElo "1309"]
[PlyCount "114"]
[EventDate "2004.09.16"]
[EventType "team-swiss"]
[EventRounds "7"]
[EventCountry "GER"]
[SourceTitle "EXT 2006"]
[Source "ChessBase"]
[SourceDate "2005.11.24"]
[SourceVersion "1"]
[SourceVersionDate "2005.11.24"]
[SourceQuality "1"]

1. d4 d5 2. c4 dxc4 3. Nc3 e6 4. Nf3 Nf6 5. Bg5 Be7 6. e3 a6 7. Bxc4 b5 8. Bd3 c5 9. dxc5 Bxc5 10. Ne4 Bb4+ 11. Ke2 Nbd7 12. a4 bxa4 13. Qxa4 Be7 14. Bxf6 Bxf6 15. Nd6+ Kf8 16. Nxc8 Rxc8 17. Bxa6 Nb6 18. Qd1 Qxd1+ 19. Rhxd1 Rc2+ 20. Rd2 Rxd2+ 21. Nxd2 Ke7 22. Rb1 Rb8 23. b3 Nd5 24. Ne4 h6 25. Kd2 Be5 26. f4 Bc7 27. Nc3 Ba5 28. b4 Bxb4 29. Rc1 Bxc3+ 30. Rxc3 Rb2+ 31. Rc2 Rxc2+ 32. Kxc2 Nb4+ 33. Kd2 Nxa6 34. Ke2 Nc5 35. Kf3 f5 36. g3 Kf6 37. Kg2 g6 38. h4 Ne4 39. Kf3 e5 40. Kg2 g5 41. hxg5+ hxg5 42. Kf3 exf4 43. exf4 g4+ 44. Kg2 Ke6 45. Kh2 Kd5 46. Kg2 Kd4 47. Kh2 Ke3 48. Kg2 Ke2 49. Kg1 Kf3 50. Kh2 Nxg3 51. Kg1 Ne2+ 52. Kh1 Nxf4 53. Kg1 g3 54. Kh1 g2+ 55. Kh2 Ne2 56. Kh3 g1Q 57. Kh4 Qg4# 0-1

[Event "GER-chT North U16"]
[Site "Syke"]
[Date "2004.09.17"]
[Round "3.4"]
[White "Rickling, Renee"]
[Black "Krueger, Daniel"]
[Result "1/2-1/2"]
[WhiteElo "1309"]
[BlackElo "1351"]
[PlyCount "113"]
[EventDate "2004.09.16"]
[EventType "team-swiss"]
[EventRounds "7"]
[EventCountry "GER"]
[SourceTitle "EXT 2006"]
[Source "ChessBase"]
[SourceDate "2005.11.24"]
[SourceVersion "1"]
[SourceVersionDate "2005.11.24"]
[SourceQuality "1"]

1. d4 d5 2. c4 e6 3. Nc3 Nf6 4. Bg5 Nbd7 5. cxd5 exd5 6. e3 c6 7. Nf3 Be7 8. Qc2 0-0 9. Bd3 Re8 10. 0-0 Nf8 11. Rab1 h6 12. Bh4 Ne4 13. Bxe7 Qxe7 14. b4 a6 15. a4 Bf5 16. Nd2 Nxc3 17. Qxc3 Bxd3 18. Qxd3 Nd7 19. b5 axb5 20. axb5 Ra3 21. Qc2 c5 22. dxc5 Nxc5 23. Nb3 b6 24. Nd4 Rea8 25. Qf5 Ne4 26. Nc6 Qd6 27. Qxd5 Qxd5 28. Ne7+ Kh7 29. Nxd5 Nd2 30. Nxb6 R8a5 31. Nc4 Nxc4 32. b6 Ra8 33. Rfc1 Na5 34. Rc7 Rb3 35. Rxb3 Nxb3 36. g3 f6 37. Kf1 Rb8 38. b7 Na5 39. Rc5 Nb3 40. Rb5 Nd2+ 41. Ke2 Ne4 42. Kf1 Kg6 43. f3 Nd6 44. Rb3 Rxb7 45. Rxb7 Nxb7 46. e4 Nc5 47. Ke2 Kf7 48. Ke3 g5 49. h3 Ne6 50. Kd3 Ng7 51. Ke3 f5 52. exf5 Nxf5+ 53. Kf2 Kg6 54. f4 gxf4 55. gxf4 h5 56. Kf3 Nh4+ 57. Ke4 1/2-1/2